| 000 | 00641nam a2200181 a 4500 | ||
|---|---|---|---|
| 001 | BRCA_1910 | ||
| 005 | 20190320203610.0 | ||
| 008 | 040608s2004----mx-a---###---#000-0#spa-# | ||
| 050 | 4 |
_aN8080.S3 _b.S26 2004 |
|
| 100 | 1 |
_aJuárez Merlo, Eduardo _95891 |
|
| 245 | 1 | 0 |
_aXPO Santiago _bperegrino y caballero _cEduardo Juárez Merlo, Evelin Flores Rueda. |
| 260 |
_aPuebla _bCONACULTA : INAH _c2004 |
||
| 300 |
_a96 p. _bil. a color _c21 cm. |
||
| 500 | _aCatálogo de exposición realizada en el Museo de Arte Popular Religioso (Puebla), 2004 | ||
| 504 | _aBibliografía : p. 93 | ||
| 600 | 1 | 4 |
_aSantiago Apostol _xEn el arte _95892 |
| 942 |
_2lcc _cB |
||
| 999 |
_c1682 _d1682 |
||